Statistics for Yemen Country Quiz

Click here to take the quiz!

General Stats

  • This quiz has been taken 9,673 times
    (9,613 since last reset)
  • The average score is 13 of 18

Answer Stats

ClueAnswer% Correct
Bordering countriesSaudi Arabia
99%
Bordering countriesOman
99%
Official languageArabic
98%
Dominant religionIslam
97%
Yemen was, at times, the southernmost
territory of this Turkish empire
Ottoman Empire
92%
Nearest African country, located
less than 20km away
Djibouti
91%
Sea to the westRed Sea
90%
Nearly the entirety of Yemen's Jewish
population fled to this country in
"Operation Magic Carpet"
Israel
85%
Capital citySana'a
83%
Yemen abolished this in 1962,
but it is still practiced today
Slavery
73%
Extremely popular beverage thought
to have originated in Yemen
Coffee
66%
Largest coastal city, or the gulf
on which it sits
Aden
63%
Name one of the two countries that
combined to form Yemen in 1990
North Yemen /
South Yemen
52%
Like many countries, Yemen has a
population of these nomadic,
desert-dwelling tribesmen
Bedouins
52%
Largest islandSocotra
41%
Shia rebel group that controls the
west of the country (starts with H)
Houthis
33%
Leafy plant chewed as a stimulantKhat
32%
Cool-looking trees of the above{Dragon}'s
Blood Tree
25%

Score Distribution

Percentile by Number Answered

Percent of People with Each Score

Your Score History

You have not taken this quiz since the last reset